000 01181nam a2200337 i 4500
001 49554
003 Mx-PuUPA
005 20240914104531.0
008 140415s2022 sp a gr 000 0 spa d
017 _aM-17970-2022
020 _a9788412520552
040 _cMx-PuUPA
_aMx-PuUPA
_bspa
_dMx-PuUPA
_erda
041 0 _aspa
100 1 _aEsquinca, Bernardo,
_d1972-
_916155
_eautor
245 1 0 _aAdonde voy siempre es de noche /
_cBernardo Esquinca ; prólogo de Mariana Enríquez ; ilustraciones de Mike Sandoval
250 _aPrimera edición /
_benero
264 1 _aMadrid, España :
_bAlmadía Aljosan,
_c©2022
300 _a350 páginas :
_bilustraciones ;
_c22 cm
336 _2rdacontent
_atexto
_btxt
337 _2rdamedia
_asin medio
_bn
338 _2rdacarrier
_avolumen
_bnc
490 0 _aNarrativa
650 7 _2armarc
_aCuentos de terror
650 7 _2armarc
_aAntologías
700 1 _aEnríquez, Mariana,
_epróloguista
700 1 _aSandoval, Mike,
_eIlustrador
942 _2ddc
_cLI
_h863.64
_iE778
999 _c49554
_d49554